the police of Britain (Record no. 441787)

000 -LEADER
fixed length control field 00319cam a22001217a 4500
008 - FIXED-LENGTH DATA ELEMENTS--GENERAL INFORMATION
fixed length control field 180718b1948 xxu||||| |||| 00| 0 eng d
082 ## - DEWEY DECIMAL CLASSIFICATION NUMBER
Classification number N4x42 M875
100 ## - MAIN ENTRY--PERSONAL NAME
Personal name Moylan , John
245 ## - TITLE STATEMENT
Title the police of Britain
Statement of responsibility, etc. by John Moylan
260 ## - PUBLICATION, DISTRIBUTION, ETC.
Place of publication, distribution, etc. London
Name of publisher, distributor, etc. Longmans
Date of publication, distribution, etc. 1948
300 ## - PHYSICAL DESCRIPTION
Extent 43p.
650 ## - SUBJECT ADDED ENTRY--TOPICAL TERM
Topical term or geographic name entry element Police --Great Britain
Holdings
Withdrawn status Lost status Damaged status Not for loan Permanent Location Current Location Date acquired Full call number Barcode Date last seen Price effective from Koha item type
        Indian Institute of Public Administration Indian Institute of Public Administration 2011-01-27 N4x42 M875 2144 2018-07-21 2018-07-21 Book

Powered by Koha